| 000 | 00917nam a2200241Ia 4500 | ||
|---|---|---|---|
| 008 | 000000[1990] XXcad 0000000000eng00 | ||
| 090 | _aPUS00 A24j | ||
| 100 | 1 | _aAdler, Ed | |
| 245 | 1 | 0 |
_aJack Jerouac _b: departed angels, the lost paintings _c/ text by Ed Adler ; foreword by John Sampas |
| 300 |
_a9 p. _c/ 21 cm. |
||
| 500 | _aProyecto Ganador Programa Apoyos Concertados FGAA 2010 | ||
| 501 | _aThe northport years | ||
| 505 | _aOBRAS : Face of the buddha Self portrait as a boy Old angel midnight over lowell | ||
| 600 | 0 | 0 |
_aKEROUAC, JACK, 19221969/ _xTRABAJOS PICTORICOS |
| 650 | 1 | 4 | _aARTE CONTEMPORANEO ESTADOUNIDENSE |
| 650 | 1 | 4 | _aARTISTAS PLASTICOS ESTADOUNIDENSES |
| 650 | 1 | 4 | _xCATALOGOS |
| 650 | 1 | 4 | _aDIBUJOS ESTADOUNIDENSES |
| 650 | 1 | 4 | _aPINTORES ESTADOUNIDENSES |
| 650 | 1 | 4 | _aPINTURA ESTADOUNIDENSE |
| 700 | 1 | _aSampas, John | |
| 999 |
_c12002 _d12002 |
||
| 260 |
_a[Montreal] : Ed Adler _c1990 |
||